000 00856nam a2200253 a 4500
001 000016977
003 DO-SdBNP
005 20250703135459.0
008 100312s1992 dr a r 000 0 spa d
040 _aDO-SdBNP
_bspa
_cBNPHU
082 _a370.97293
_bP699d
111 2 _aCongreso Nacional de Educación
_d(1992 dic. :
_cSanto Domingo)
_937514
245 1 0 _aPlan decenal de educación :
_bPlan decenal en gráficas.
260 _aSanto Domingo :
_bSecretaría de Estado de Educación, Bellas Artes y Cultos,
_c1992.
300 _a57 p. :
_bil. ;
_c25 cm.
490 1 _aA
490 1 _aDocumento
_v3
590 _aInventariado, 2019/BT
650 4 _aPlanificación educativa
_zRepública Dominicana
_917113
650 0 _aEducación y estado
_zRepública Dominicana
_951256
830 0 _aA
_937386
830 0 _aDocumento
_n3
_937516
942 _2ddc
_cLBS1
999 _c16507
_d16507